000 00687nam a2200289Ia 4500
005 20260324132937.0
008 008 260324s9999 xx 000 0 eng d
020 _a9780429233227
037 _aEBOOK
040 _aCRL
040 _beng
040 _cCRL
041 _2eng
041 _aeng
084 _qCRL
100 _aJoseph R. Masci M.D.; Elizabeth Bass
_91191210
245 0 _aBioterrorism
245 2 _bA Guide for Hospital Preparedness
260 _bTaylor and Francis
260 _c2004
365 _a
365 _b300
856 _uhttp://www.taylorfrancis.com/books/9780429233227
942 _cEBOOK
999 _c1789787
_d1789787